Cento noterelle fitopatologiche / Ettore Malenotti
Descripción Física:
293 p. ; 17 cm
Colección:
Biblioteca agricola Paravia. Serie agraria
MARC
| LEADER | 00000nam a2200000Ia 4500 | ||
|---|---|---|---|
| 001 | 14456 | ||
| 008 | 160829s1938 xx 000 0 cat d | ||
| 080 | |a C-2-267 | ||
| 100 | |a Malenotti, Ettore |9 22400 | ||
| 245 | |a Cento noterelle fitopatologiche / Ettore Malenotti | ||
| 260 | |a Torino [etc.] : |b G.B. Paravia, |c 1938 | ||
| 300 | |a 293 p. ; |c 17 cm | ||
| 490 | |a Biblioteca agricola Paravia. Serie agraria | ||
| 590 | |a Text en italià | ||
| 650 | |a Plantes |x Malalties |9 38459 | ||
| 650 | |a Plagues agrícoles |9 25662 | ||
| 901 | |a Arxiu | ||
| 942 | |n 1 | ||
| 952 | |0 0 |1 0 |4 0 |6 C2267 |7 1 |9 42200 |a Arxiu |b Arxiu |d 2016-12-01 |l 0 |o C-2-267 |p 14456 |r 2016-12-01 00:00:00 |w 2016-12-01 |y ARXIU | ||
| 999 | |c 44647 |d 44647 | ||